000 00652cab a2200205 4500
001 WB3236-14
008 090401t1996 xxu||||| |||| 00| 0 eng d
035 _a(Sirsi) u7905
041 _aeng
245 _aCounty borders are altered
260 _c1996
350 _a0
490 _aDaily Telegraph
_v23 September 1996, 10(2)
520 _aOrdnance Survey has produced a map illustrating the latest reform in administrative structure of local government. From April 1997 county boundaries will be redrawn. Map.
650 _aCOUNTY BOUNDARIES
650 _aORDNANCE SURVEY
690 _aECONOMIC AND SOCIAL
942 _n0
948 _c04/03/1997
999 _c4812
_d4812